Top 12 Fears Quiz Stats

 Plays Quiz not verified by Sporcle

Challenge
Share
Tweet
Embed
Score 0/12 Timer 07:00
0 Plays Today
Number Fear % Correct
5.Bugs
93.6%
3.Heights
78.8%
1.Snakes
59.4%
8.Planes
37%
4.Small Spaces
34.7%
9.Dogs
34%
2.Speaking in Public
32.2%
7.Mice
13.9%
10.Storms
11.2%
11.Crowds
9.6%
6.Needles
8.2%
12.Doctor
5.9%

You're not logged in!

Compare scores with friends on all Sporcle quizzes.
Join for Free
OR
Log In

You Might Also Like...

Show Comments

Extras

Created Feb 2, 2010SourceReportNominate
Tags:Numbers Quiz, fear

Top Quizzes Today


Score Distribution

Your Account Isn't Verified!

In order to create a playlist on Sporcle, you need to verify the email address you used during registration. Go to your Sporcle Settings to finish the process.

Report this User

Report this user for behavior that violates our Community Guidelines.

Details: